000 00590pab a2200181 454500
008 180718b1998 xxu||||| |||| 00| 0 eng d
100 _aGhosh, Madhusudan
245 _aAgricultural development, agrarian structure and rural poverty in West Bengal
260 _c1998
300 _ap.2987-995
362 _a21 Nov & 28 Dec
650 _aPoverty - India - West Bengal
650 _aAgrarian structure - India - West Bengal
650 _aAgricultural development - India - West Bengal
650 _aAgricultural development
773 _aEconomic and Political Weekly
909 _a39606
999 _c39606
_d39606